|
|
|
|
| LEADER |
00772nam a22002417a 4500 |
| 001 |
AAL2347 |
| 003 |
BD-DhAAL |
| 005 |
20151231232910.0 |
| 008 |
151231m19971996ii a|||| |||| 00| 0 eng d |
| 020 |
|
|
|a 8175540036
|
| 040 |
|
|
|a BD-DhAAL
|c BD-DhAAL
|
| 041 |
|
|
|a eng
|
| 082 |
|
|
|a 658.4/063
|
| 100 |
|
|
|a Hussey, D E
|9 17130
|
| 245 |
|
|
|a How to manage organisational change /
|c D E Hussey
|
| 260 |
|
|
|a New Delhi :
|b Kogan Page,
|c 1997.
|
| 300 |
|
|
|a 93 p. :
|b ill. ;
|c 22 cm.
|
| 490 |
|
|
|a Creating success.
|
| 541 |
|
|
|e 2347
|
| 650 |
|
|
|a Organizational change.
|9 17131
|
| 942 |
|
|
|2 ddc
|c BK
|
| 999 |
|
|
|c 36528
|d 36528
|
| 952 |
|
|
|0 0
|1 0
|2 ddc
|4 0
|6 658_400000000000000_063_HUS
|7 0
|9 57475
|a SCL
|b SCL
|c GEN
|d 2015-12-31
|l 2
|m 9
|o 658.4063 HUS
|p 3020002347
|r 2020-01-27
|s 2020-01-19
|t 1
|w 2015-12-31
|y BK
|